00859cam a2200253 a 4500999001500000001000500015003000900020005001700029008004100046020001500087040002800102082001800130100002200148245009300170250001200263260003500275300004600310504004100356650003600397650002400433700002000457942001200477952011600489 c6185d61851953BD-DhUAP20201227141426.0201227s1986 nyua b 001 0 eng  a0023608404 aDLCcDLCdBD-DhUAPbeng00a658.5 JOH2231 aJohnson, James C.10aContemporary physical distribution and logistics /cJames C. Johnson and Donald F. Wood. a3rd ed. aNew York :bMacmillan,cc1986. axix, 648 pages :billustrations ;c26 cm. aIncludes bibliographies and indexes. 0aPhysical distribution of goods. 0aBusiness logistics.1 aWood, Donald F. 2ddccBK 00102ddc4070aUAPCLbUAPCLcGeneral Stacksd2020-12-27o658.5 JOHp3010001953r2020-12-27t1w2020-12-27yBK